01477nab a22003017a 4500999001500000003000400015005001700019008004100036040000700077100002900084245011300113260007300226300001300299500002600312505034000338505008200678650002300760650002500783650002800808650003500836650002300871650002000894650002700914650003100941650003300972773015701005942001301162 c5271d5271OSt20250211122921.0190429b xxu||||| |||| 00| 0 spa d cPJ aValongo, Matías 9632613a¿El fin justifica los medios?:bbreves notas críticas del proyecto de Ley Antimafias /cMatías Valongo. cCiudad Autónoma de Buenos Aires :aThomson Reuters La Ley, b2025. ap. 36-47 aCita: AR/DOC/74/2025. aSumario: I. Introducción.— II. Antecedentes del proyecto.— III. Ámbito de aplicación.— IV. Zona sujeta a investigación especial.— V. Recopilación e intercambio de inteligencia criminal.— VI. Modificaciones al Cód. Penal.— VII. Extinción de dominio.— VIII. Aplicación y competencia.— IX. Conclusiones.  tSi te interesa el texto completo, solicitalo a koha@justierradelfuego.gov.ar  09343aDERECHO PENAL 092872aNARCOTRÁFICO 093064aLAVADO DE ACTIVOS 092753aPARTICIPACIÓN CRIMINAL 092478aCODIGO PENAL 092999aAUTORÍA 09586aDEFENSA EN JUICIO 096327aDERECHO DE PROPIEDAD 092758aASOCIACIÓN ILÍCITA0 0265893164tRevista de derecho penal y criminología. Nº 1 - Febrero 2025dCiudad Autónoma de Buenos Aires : Thomson Reuters La Ley, 2017-x00347914 2udccANA